| Tag |
First Indicator |
Second Indicator |
Subfields |
| LEADER |
00000cam a22000001a 4500 |
| 001 |
in00003325621 |
| 006 |
m d f |
| 007 |
cr bn mmmapmmp |
| 008 |
101209s2006 dcu o f000 0 eng d |
| 005 |
20260429195707.0 |
| 035 |
|
|
|a cis2007856981
|
| 040 |
|
|
|a ProQuest
|c ProQuest
|d UtOrBLW
|
| 043 |
|
|
|a n-us---
|
| 099 |
|
|
|a CRS-2006-RSI-0198
|
| 110 |
2 |
|
|a Library of Congress.
|b Congressional Research Service.
|
| 245 |
1 |
0 |
|a Comparing Automative and Steel Industry Legacy Cost Issues.
|
| 264 |
|
1 |
|a [Place of publication not identified] :
|b [publisher not identified],
|c 2006.
|
| 300 |
|
|
|a 1 online resource.
|
| 336 |
|
|
|a text
|b txt
|2 rdacontent
|
| 337 |
|
|
|a computer
|b c
|2 rdamedia
|
| 338 |
|
|
|a online resource
|b cr
|2 rdacarrier
|
| 500 |
|
|
|a Record is based on bibliographic data in ProQuest U.S. Congressional Research Digital Collection (last viewed Dec. 2010). Reuse except for individual research requires license from ProQuest, LLC.
|
| 500 |
|
|
|a CRS Report.
|
| 520 |
|
|
|a Compares the increasing costs and competitive impact of pension and health care legacy costs on the automotive and steel industry. Discusses automotive industry efforts to reduce legacy costs; competitive splits in the automotive and steel sectors; the steel industry consensus on legacy costs; and Congressional options on automotive legacy costs, including tax deductions, measures to reform the Pension Benefit Guaranty Corp., reductions in health care costs, and expansions in Medicare and Government health care insurance.
|
| 500 |
|
|
|a Electronic resource.
|
| 650 |
|
0 |
|a Health insurance.
|
| 650 |
|
0 |
|a Medical economics.
|
| 650 |
|
0 |
|a Medicare.
|
| 655 |
|
7 |
|a Electronic books.
|2 local
|
| 710 |
2 |
|
|a ProQuest (Firm)
|
| 776 |
0 |
8 |
|i Microfiche version:
|a Library of Congress. Congressional Research Service.
|t Comparing Automative and Steel Industry Legacy Cost Issues
|
| 830 |
|
0 |
|a U.S. Congressional Research.
|
| 856 |
4 |
0 |
|u http://proxy.library.tamu.edu/login?url=https://congressional.proquest.com/congcomp/getdoc?CRDC-ID=CRS-2006-RSI-0198
|z Connect to the full text of this electronic book
|t 0
|
| 999 |
|
|
|a MARS
|
| 999 |
f |
f |
|s b572f748-ffd8-3bc5-a345-1827e6539d07
|i 40f07806-af38-366d-b1be-71173b4dc802
|t 0
|
| 952 |
f |
f |
|a Texas A&M University
|b College Station
|c Electronic Resources
|s www_evans
|d Available Online
|t 0
|e CRS-2006-RSI-0198
|h Other scheme
|
| 998 |
f |
f |
|a CRS-2006-RSI-0198
|t 0
|l Available Online
|